Literal Translation of Country Names: The Americas (with hints) - Statistics

General Stats
  • This quiz has been taken 20 times
  • The average score is 28 of 32
Answer Stats
Hint Answer % Correct
Saint Dominic's island D Dominican Republic
100%
Land of the Surinens S Suriname
100%
Land beside the silvery river A Argentina
94%
Bolivar's land B Bolivia
94%
Land of Colombus C Colombia
94%
Rich coast C Costa Rica
94%
Day of the Lord D Dominica
94%
Equator E Ecuador
94%
Land of the Savior E El Salvador
94%
Deep water H Honduras
94%
Land of Saint Lucy S Saint Lucia
94%
Isle of Saint Vincent S Saint Vincent and the Grenadines
94%
Island of the Holy Trinity and tobacco T Trinidad and Tobago
94%
United American states U United States
94%
River of shellfish U Uruguay
94%
Little Venice V Venezuela
94%
Land of mountains H Haiti
88%
Land of wood and water J Jamaica
88%
People born along the river P Paraguay
88%
Land of the shallow sea B Bahamas
82%
Where land ends C Chile
82%
Center place C Cuba
82%
Place of pomegranates G Grenada
82%
Land of many waters G Guyana
82%
Saint Christopher's land of snows S Saint Kitts and Nevis
82%
The village C Canada
76%
Land of many trees G Guatemala
76%
In the navel of the moon M Mexico
76%
Place of abundant fish P Panama
76%
Muddy-watered land B Belize
71%
Red dyewood B Brazil
71%
Land of the river P Peru
71%
No matching quizzes found
Score Distribution
Percent of People with Each Score
Percentile by Number Answered
Your Score History
You have not taken this quiz